000 00336nam a2200145Ia 4500
100 _aSadou/ F/ Korchagin/ M
942 _cBK
654 _achemical technology
245 _aChemical Technology of Fibrors Materials
260 _bMir Publishers
_c1973
082 _a660
_bSAD
300 _a683
546 _aENGLISH
999 _c25169
_d25169